• 首页
  • 本馆介绍
  • 公告通知
  • 最新文献
  • 馆藏检索
  • 电子资源
  • 读者导购
  • 参考咨询
  • 我的图书馆
  • 登录
  • 详细信息显示
  • 放入我的书架
  • 预约/预借图书
  • 作者相关作品
  • 分类相关作品
  • 丛书相关作品
  • 出版社相关作品

书目信息

  • 表格格式
  • 工作单格式
  • 卡片格式
题名:
畅销商品摄影完全攻略
    
 
作者: 山口千予 著 ;向钊 译
分册:  
出版信息: 北京   中国青年出版社  2020.08
页数: 175页
开本: 26cm
丛书名:
单 册:
中图分类: J419.9
科图分类:
主题词: 商业摄影--shang ye she ying--摄影技术
电子资源:
ISBN: 978-7-5153-6025-6
000 01190nam0 2200301 450
001 2366652376
005 20231124183102.17
010    @a978-7-5153-6025-6@dCNY79.80
100    @a20210726d2020 em y0chiy50 ea
101 1  @achi@cjpn
102    @aCN@b110000
105    @aa z 000yy
106    @ar
200 1  @a畅销商品摄影完全攻略@Achang xiao shang pin she ying wan quan gong lue@e教你如何拍出爆品 销量UPUP@f(日) 山口千予著
210    @a北京@c中国青年出版社@d2020.08
215    @a175页@c彩图@d26cm
300    @a中青雄狮
306    @a由日本GENKOSHA Co., Ltd.社授权出版
314    @a版权页题: 向钊译
314    @a山口千予, 专业商业摄影师。
330    @a本书详解摄影必备知识+21个基本技巧实例, 并让你听听那些照片欣赏者的真实想法。全书共分6章, 内容包括: 摄影中需要的器材、分门别类的实践技巧、加强形象宣传之照片加工、专业操作与网点实例、摄影的基础知识、布光的基础知识。
517 1  @a教你如何拍出爆品 销量UPUP@Ajiao ni ru he pai chu bao pin xiao liang UPUP
606 0  @a商业摄影@Ashang ye she ying@x摄影技术
690    @aJ419.9@v5
701  0 @a山口千予@Ashan kou qian yu@4著
702  0 @a向钊@Axiang zhao@4译
801    @aCN@b山东中教@c20231121
905    @aBZT@dJ419.9@e1
    
    畅销商品摄影完全攻略:教你如何拍出爆品 销量UPUP/(日) 山口千予著.-北京:中国青年出版社,2020.08
    175页:彩图;26cm
    中青雄狮
    
    ISBN 978-7-5153-6025-6:CNY79.80
    本书详解摄影必备知识+21个基本技巧实例, 并让你听听那些照片欣赏者的真实想法。全书共分6章, 内容包括: 摄影中需要的器材、分门别类的实践技巧、加强形象宣传之照片加工、专业操作与网点实例、摄影的基础知识、布光的基础知识。
●
相关链接 在五车中查询图书 在当当中查询图书 在豆瓣中查询图书


正题名:畅销商品摄影完全攻略     索取号:J419.9/1         预约/预借

序号 登录号 条形码 馆藏地/架位号 状态 备注
1 2001050886   2001050886   中教第一批/山东中教(第一批)/533/ [索取号:J419.9/1] 在馆    
2 2001050887   2001050887   中教第一批/山东中教(第一批)/533/ [索取号:J419.9/1] 在馆    
3 2001050888   2001050888   中教第一批/山东中教(第一批)/533/ [索取号:J419.9/1] 在馆    
4 2001050889   2001050889   中教第一批/山东中教(第一批)/533/ [索取号:J419.9/1] 在馆    
5 2001050890   2001050890   中教第一批/山东中教(第一批)/533/ [索取号:J419.9/1] 在馆    
6 2001050891   2001050891   中教第一批/山东中教(第一批)/533/ [索取号:J419.9/1] 在馆    
山东省滨州职业学院图书馆 欢迎您!
大连网信软件有限公司© 版权所有